Sigles de l'urbanisme - Statistiques

Statistiques générales
  • Ce quiz a été pris 50 fois
  • Le résultat moyen est 9 sur 35
Statistiques - réponses
Hint Réponse % Correct
PLU Plan local d'urbanisme
100%
PLUI Plan local d'urbanisme intercommunal
82%
SCOT Schéma de Cohérence Territoriale
69%
ZAN Zéro Artificialisation Nette
64%
PPR Plan de Prévention des Risques
59%
ZAC Zone d'Aménagement Concerté
56%
POS Plan d'Occupation des Sols
44%
PLH Plan Local de l'Habitat
44%
PADD Projet d'Aménagement et de Développement Durable
41%
EPCI Établissement Public de Coopération Intercommunale
33%
PC Permis de Construire
33%
PPRI Plan de Prévention des Risques d'Inondations
31%
PA Permis d'Aménager
28%
ZAD Zone d'Aménagement Différé
28%
ANRU Agence Nationale pour la Rénovation Urbaine
23%
BV Bassin Versant
21%
PDU Plan de Déplacements Urbains
21%
DDTM Direction Départementale des Territoires et de la Mer
18%
SAGE Schéma d'Aménagement et de Gestion des Eaux
18%
CC Carte Communale
15%
SDAGE Schéma Directeur d'Aménagement et de Gestion des Eaux
15%
SRU Solidarité et Renouvellement Urbains
15%
COS Coefficient d'Occupation des Sols
13%
OPAH Opération Programmée d'Amélioration de l'Habitat
13%
OAP Orientations d'Aménagement et de Programmation
10%
ZUS Zone Urbaine Sensible
10%
ANAH Agence Nationale de l'Habitat
8%
CAUE Conseil d'Architecture, d'Urbanisme et de l'Environnement
8%
ADIL Agence Départementale d'Information sur le Logement
5%
DREAL Direction Régionale de l'Environnement, de l'Aménagement et du Logement
5%
ZNIEFF Zone Naturelle d'Intérêt Écologique, Faunistique et Floristique
5%
ALUR Accès au Logement et à un Urbanisme Rénové
3%
ELAN Évolution du Logement, de l'Aménagement et du Numérique
3%
DATAR Délégation à l'Aménagement du Territoire et à l'Action Régionale
0%
ZICO Zone Importante pour la Conservation des Oiseaux
0%
Aucun quiz correspondant
Distribution des résultats
% des personnes avec chaque résultat
Percentile par nombre de réponses
Votre historique - résultats
Vous n’avez pas pris ce quiz